Vybrané údaje o regiónoch v Slovenskej republike za 1.-3. štvrťok 2005

Gespeichert in:
Bibliographische Detailangaben
Format: Buch
Sprache:Slowakisch
Englisch
Veröffentlicht: Bratislava Štatistický úrad Slovenskej republiky 2005
Tags: Tag hinzufügen
Keine Tags, Fügen Sie das erste Tag hinzu!

MARC

LEADER 00000nam$a2200000$$$4500
001 0036837
005 20260211105121.9
041 0 |a slo 
041 0 |a eng 
044 |a SK 
245 1 0 |a Vybrané údaje o regiónoch v Slovenskej republike za 1.-3. štvrťok 2005 
264 1 |a Bratislava  |b Štatistický úrad Slovenskej republiky  |c 2005 
300 |a 63 s.